| 000 | 00537pab a2200169 454500 | ||
|---|---|---|---|
| 008 | 180718b2002 xxu||||| |||| 00| 0 eng d | ||
| 100 | _aChondroleou, Georgia | ||
| 245 | _aStudying the media and politics in Britain: a tale of two literatures? (a review article) | ||
| 260 | _c2002 | ||
| 300 | _ap.359-73. | ||
| 362 | _aJun | ||
| 650 | _aGreat Britain - Politics and government | ||
| 650 | _aMass media - Great Britain | ||
| 650 | _aMass media | ||
| 773 | _aBritish Journal of Politics and International Relations | ||
| 909 | _a53578 | ||
| 999 |
_c53578 _d53578 |
||